[Event "26th North American Open"]
[Site "Las Vegas"]
[Date "2016.12.28"]
[Round "6"]
[White "Panchanathan, Magesh"]
[Black "Raptis, Nick"]
[Result "1/2-1/2"]
[WhiteElo "2513"]
[BlackElo "2244"]
[PlyCount "97"]
[EventDate "2016.12.??"]
[EventType "swiss"]
[EventRounds "9"]
[EventCountry "USA"]
[Source "MonRoi"]

1. Nf3 Nf6 2. g3 g6 3. Bg2 Bg7 4. O-O O-O 5. d4 d5 6. c4 c6 7. cxd5 cxd5 8. Nc3
Ne4 9. Nxe4 dxe4 10. Ne5 Qd5 11. Be3 Nd7 12. Qb1 Nxe5 13. Bxe4 Qb5 14. dxe5
Qxe5 15. Rd1 Bf5 16. Bxf5 gxf5 17. Bd4 Qe6 18. Qc1 Rfd8 19. Qg5 Rxd4 20. Rxd4
h6 21. Qd2 Bxd4 22. Qxd4 Qxe2 23. Qb4 Qe4 24. Qd2 Qe6 25. Re1 Qf6 26. Qb4 e6
27. Qxb7 Rd8 28. Qb4 Qg5 29. a4 Qd2 30. Qxd2 Rxd2 31. b3 Rb2 32. Re3 Kf8 33.
Rc3 Kg7 34. Kg2 Kf6 35. a5 a6 36. h4 h5 37. Rc6 Rxb3 38. Rxa6 Ra3 39. Ra7 Ra4
40. Kf3 Ra3+ 41. Ke2 Ra2+ 42. Ke3 Ra3+ 43. Ke2 Ra2+ 44. Kf1 e5 45. a6 Ra1+ 46.
Kg2 e4 47. Ra8 Kg7 48. a7 Kh7 49. Kh2 1/2-1/2

[Event "26th North American Open"]
[Site "Las Vegas"]
[Date "2016.12.28"]
[Round "6"]
[White "Zhang, Chao"]
[Black "Martinez-Martin, David"]
[Result "0-1"]
[WhiteElo "2214"]
[BlackElo "2411"]
[PlyCount "96"]
[EventDate "2016.12.??"]
[EventType "swiss"]
[EventRounds "9"]
[EventCountry "USA"]
[Source "MonRoi"]

1. e4 c5 2. Nf3 d6 3. d4 Nf6 4. Nc3 cxd4 5. Nxd4 g6 6. Be3 Bg7 7. f3 O-O 8. Qd2
Nc6 9. Bc4 Bd7 10. Bb3 Rc8 11. O-O-O Ne5 12. Kb1 Re8 13. h4 h5 14. g4 hxg4 15.
f4 Nc4 16. Bxc4 Rxc4 17. e5 Nh5 18. e6 fxe6 19. Qd3 Rxd4 20. Bxd4 Nxf4 21. Qd2
e5 22. Be3 Bc6 23. Rhg1 Bf3 24. Rdf1 Rf8 25. Bxa7 d5 26. Re1 e4 27. Be3 e5 28.
Bc5 Re8 29. a4 Kh7 30. Ba3 Bh6 31. Qh2 Nh3 32. Rg3 Bf4 33. Ne2 Qxh4 34. Nxf4
exf4 35. Rgg1 e3 36. Bd6 g5 37. c3 g3 38. Rxg3 fxg3 39. Bxg3 Qe4+ 40. Kc1 Bg4
41. b3 Qd3 42. Kb2 Qd2+ 43. Ka3 Qxh2 44. Bxh2 Nf2 45. Bg1 Bf3 46. a5 g4 47. b4
g3 48. b5 e2 0-1

[Event "26th North American Open"]
[Site "Las Vegas"]
[Date "2016.12.28"]
[Round "6"]
[White "Yim, Sungho"]
[Black "Kavutskiy, Konstantin"]
[Result "0-1"]
[WhiteElo "2197"]
[BlackElo "2377"]
[PlyCount "80"]
[EventDate "2016.12.??"]
[EventType "swiss"]
[EventRounds "9"]
[EventCountry "USA"]
[Source "MonRoi"]

1. d4 Nf6 2. c4 g6 3. Nc3 Bg7 4. e4 d6 5. Nf3 O-O 6. h3 e5 7. d5 Nh5 8. g3 Qe7
9. Nh2 Na6 10. Be2 Nf6 11. h4 Nc5 12. Qc2 a5 13. Bg5 h6 14. Be3 c6 15. O-O-O
cxd5 16. Bxc5 dxc5 17. cxd5 Ne8 18. Na4 Nd6 19. Nb6 Rb8 20. Kb1 Qc7 21. Nc4 f5
22. Nxd6 Qxd6 23. Nf3 b5 24. a4 c4 25. axb5 Bd7 26. Nd2 Bxb5 27. Bxc4 Rfc8 28.
Qc3 Bxc4 29. Nxc4 Qa6 30. Rc1 Rb4 31. b3 Rcxc4 32. Qxc4 Rxc4 33. Rxc4 Qb6 34.
Rc3 fxe4 35. Rd1 Bf8 36. Kc2 Bd6 37. Re3 Qc5+ 38. Kb2 Qa3+ 39. Kb1 Bc5 40. Rc3
Bd4 0-1

[Event "26th North American Open"]
[Site "Las Vegas"]
[Date "2016.12.28"]
[Round "6"]
[White "Banik, Siddharth"]
[Black "Feng, Roland"]
[Result "0-1"]
[WhiteElo "2185"]
[BlackElo "2340"]
[PlyCount "79"]
[EventDate "2016.12.??"]
[EventType "swiss"]
[EventRounds "9"]
[EventCountry "USA"]
[Source "MonRoi"]

1. e4 e6 2. d4 d5 3. Nd2 Nf6 4. e5 Nfd7 5. Bd3 c5 6. c3 b6 7. f4 Be7 8. Ndf3 a5
9. Ne2 Ba6 10. Bb1 g6 11. O-O Nc6 12. Kh1 Qc7 13. Be3 Rc8 14. Rf2 f5 15. h3 h5
16. g3 c4 17. Rh2 b5 18. Ng5 Nd8 19. g4 Qc6 20. Nf3 hxg4 21. hxg4 Rxh2+ 22.
Nxh2 Nc5 23. Ng3 Nd3 24. Bxd3 cxd3 25. Rc1 Qc4 26. b3 Qc6 27. b4 Qc4 28. a3 Qa2
29. gxf5 gxf5 30. Qxd3 Qxa3 31. Nxf5 axb4 32. Nxe7 Rxc3 33. Qd1 Kxe7 34. Ra1
Qb3 35. Qg1 Rxe3 36. Rxa6 Rg3 37. Ra7+ Ke8 38. Qe1 Qd3 39. f5 exf5 40. Nf1 0-1

[Event "26th North American Open"]
[Site "Las Vegas"]
[Date "2016.12.28"]
[Round "6"]
[White "Asaria, Danial"]
[Black "Aoshima, Mirai"]
[Result "0-1"]
[WhiteElo "2023"]
[BlackElo "2281"]
[PlyCount "88"]
[EventDate "2016.12.??"]
[EventType "swiss"]
[EventRounds "9"]
[EventCountry "USA"]
[Source "MonRoi"]

1. e4 c5 2. b4 cxb4 3. a3 bxa3 4. d4 g6 5. c3 Bg7 6. Bd3 d6 7. f4 Nf6 8. Ne2
O-O 9. O-O b6 10. e5 Ne8 11. Qb3 Bb7 12. Bxa3 Nc6 13. e6 f5 14. Nd2 Na5 15. Qa2
Nc7 16. c4 Nxe6 17. Bb2 Nc6 18. Nf3 Nb4 19. Qb3 Nxd3 20. Qxd3 Nc5 21. dxc5 Bxb2
22. Rad1 Bxf3 23. Rxf3 bxc5 24. h4 Qe8 25. h5 a5 26. Kf2 a4 27. hxg6 hxg6 28.
Rh1 a3 29. Nc3 Qf7 30. Rfh3 Qf6 31. Qd5+ e6 32. Rh8+ Qxh8 33. Qxe6+ Kg7 34.
Rxh8 Kxh8 35. Na2 Bd4+ 36. Kg3 Rae8 37. Qxd6 Re3+ 38. Kh2 Kg7 39. Qd7+ Rf7 40.
Qd6 Re1 41. Qb8 Rfe7 42. Qb6 Bg1+ 43. Kh3 R1e3+ 44. g3 Re2 0-1

[Event "26th North American Open"]
[Site "Las Vegas"]
[Date "2016.12.28"]
[Round "6"]
[White "Patil, Anuprita"]
[Black "Schill, William"]
[Result "1/2-1/2"]
[WhiteElo "2066"]
[BlackElo "2133"]
[PlyCount "57"]
[EventDate "2016.12.??"]
[EventType "swiss"]
[EventRounds "9"]
[EventCountry "USA"]
[Source "MonRoi"]

1. d4 Nf6 2. Nf3 g6 3. Nbd2 Bg7 4. e4 d6 5. Bd3 O-O 6. O-O Nfd7 7. Re1 e5 8. c3
Nc6 9. d5 Ne7 10. Nf1 h6 11. Ng3 f5 12. exf5 gxf5 13. Nh5 Nf6 14. Nxg7 Kxg7 15.
Bc4 Ng6 16. g3 Bd7 17. h4 Qe8 18. Nd4 Ne7 19. Ne6+ Bxe6 20. dxe6 Qg6 21. Be2
Ne4 22. Bh5 Qxe6 23. Bf3 d5 24. c4 c6 25. Qb3 Nc5 26. Qa3 Ne4 27. Qb3 Nc5 28.
Qa3 Ne4 29. Qb3 1/2-1/2

[Event "26th North American Open"]
[Site "Las Vegas"]
[Date "2016.12.29"]
[Round "7.1"]
[White "Brown, Michael"]
[Black "Nguyen, Anh"]
[Result "1/2-1/2"]
[WhiteElo "2452"]
[BlackElo "2482"]
[PlyCount "139"]
[EventDate "2016.12.??"]
[EventType "swiss"]
[EventRounds "9"]
[EventCountry "USA"]
[Source "MonRoi"]
[WhiteClock "0:00:13"]
[BlackClock "0:00:35"]

1. d4 Nf6 2. c4 e6 3. Nc3 Bb4 4. e3 O-O 5. Bd3 c5 6. Nf3 d5 7. O-O cxd4 8. exd4
dxc4 9. Bxc4 b6 10. Bg5 Bb7 11. Qe2 Bxc3 12. bxc3 Nbd7 13. Bd3 Qc7 14. Rac1
Rfe8 15. Rfe1 Rac8 16. Bh4 Qf4 17. Bg3 Qg4 18. Ba6 Bxa6 19. Qxa6 h6 20. c4 Qf5
21. h3 Rc6 22. d5 Rc5 23. Nd4 Qd3 24. Red1 Qg6 25. Nb3 exd5 26. Nxc5 Nxc5 27.
Qa3 dxc4 28. Rxc4 Nfe4 29. Rcd4 Nxg3 30. Qxg3 Qxg3 31. fxg3 Re3 32. Rf4 f6 33.
Rf3 Re7 34. g4 Kf7 35. Rd8 Rb7 36. Re3 Ne6 37. Rd6 Nc5 38. Kf2 Nd7 39. Rc3 Ke7
40. Rd4 Nc5 41. Ke2 Kf7 42. Kd2 Re7 43. Re3 Rc7 44. Kc3 Ne6+ 45. Rc4 Nc5 46.
Kb4 Rd7 47. Kb5 Rd6 48. Rc2 Ne6 49. Rc8 Rd2 50. a3 Rxg2 51. Ka6 h5 52. gxh5 f5
53. Kxa7 f4 54. Rb3 Rg5 55. Kxb6 Rf5 56. a4 f3 57. Rc1 Kf6 58. a5 Nd4 59. Rb2
Ne2 60. Rf1 Ng3 61. Rff2 Ne4 62. a6 Nxf2 63. Rxf2 Kg5 64. a7 Rf6+ 65. Kb5 Rf5+
66. Kb4 Rf4+ 67. Kb5 Rf5+ 68. Kb4 Rf4+ 69. Kc5 Rf5+ 70. Kb4 1/2-1/2

[Event "26th North American Open"]
[Site "Las Vegas"]
[Date "2016.12.29"]
[Round "7.2"]
[White "Zhou, Jianchao"]
[Black "Kumar, Nikhil"]
[Result "1/2-1/2"]
[WhiteElo "2632"]
[BlackElo "2251"]
[PlyCount "142"]
[EventDate "2016.12.??"]
[EventType "swiss"]
[EventRounds "9"]
[EventCountry "USA"]
[Source "MonRoi"]
[WhiteClock "0:17:38"]
[BlackClock "0:03:12"]

1. d4 d5 2. c4 e6 3. Nc3 Be7 4. Bf4 Nf6 5. e3 O-O 6. Nf3 Nbd7 7. c5 Ne4 8. Nxe4
dxe4 9. Ne5 Nxe5 10. Bxe5 Bd7 11. Qc2 f5 12. Bc4 Bf6 13. Bg3 Kh8 14. O-O Re8
15. Qb3 Qc8 16. Rac1 Bc6 17. Rfd1 a5 18. a4 Qd7 19. d5 exd5 20. Bxd5 Red8 21.
Bxc6 Qxc6 22. h3 Rac8 23. Qc2 Rxd1+ 24. Rxd1 g6 25. b3 h5 26. Qc4 h4 27. Bh2
Kg7 28. Kf1 Kf8 29. Ke2 Rd8 30. Rxd8+ Bxd8 31. Be5 Qa6 32. c6 Qxc4+ 33. bxc4
bxc6 34. Bc3 Ke7 35. Bxa5 Kd6 36. Bb4+ c5 37. Bc3 Kc6 38. f4 Kb7 39. Kd1 Kb6
40. Kc2 Be7 41. Kd1 Kb7 42. Ke1 Kb6 43. Ke2 Kb7 44. Kf2 Kb6 45. Kf1 Kb7 46. Ba5
Bf6 47. Ke2 Kc6 48. Kd1 Bb2 49. Kc2 Bf6 50. Kd2 Kb7 51. Ke2 Kc6 52. Kf2 Bg7 53.
g3 hxg3+ 54. Kxg3 Bf6 55. h4 Kb7 56. Kh3 Bd8 57. Be1 c6 58. Kg2 Ka6 59. Kh3 Ba5
60. Bf2 Bd2 61. h5 gxh5 62. Kh4 Ka5 63. Kxh5 Kxa4 64. Kg5 Kb3 65. Kxf5 Kxc4 66.
Kxe4 Kb3 67. f5 c4 68. f6 c3 69. f7 c2 70. f8=Q c1=Q 71. Qf7+ Qc4+ 1/2-1/2

[Event "26th North American Open"]
[Site "Las Vegas"]
[Date "2016.12.29"]
[Round "7.3"]
[White "Wheeler, Cameron"]
[Black "Li, Ruifeng"]
[Result "0-1"]
[WhiteElo "2408"]
[BlackElo "2557"]
[PlyCount "56"]
[EventDate "2016.12.??"]
[EventType "swiss"]
[EventRounds "9"]
[EventCountry "USA"]
[Source "MonRoi"]
[WhiteClock "0:50:31"]
[BlackClock "0:14:48"]

1. d4 d5 2. c4 c6 3. Nf3 Nf6 4. e3 e6 5. b3 c5 6. Bd3 Nc6 7. Bb2 cxd4 8. exd4
Be7 9. O-O O-O 10. Nbd2 b6 11. Rc1 Bb7 12. Qe2 Rc8 13. a3 dxc4 14. bxc4 Re8 15.
Ne4 g6 16. Rfd1 Nxe4 17. Qxe4 Bf6 18. Qf4 Bg7 19. h4 Nxd4 20. Ne5 f6 21. Nxg6
e5 22. Qg4 hxg6 23. Qxg6 f5 24. Bxf5 Rc6 25. Qh7+ Kf8 26. Bg6 Ree6 27. h5 Qg5
28. a4 Rxg6 0-1

[Event "26th North American Open"]
[Site "Las Vegas"]
[Date "2016.12.29"]
[Round "7.4"]
[White "Friedel, Joshua"]
[Black "Kojima, Shinya"]
[Result "1-0"]
[WhiteElo "2510"]
[BlackElo "2403"]
[PlyCount "117"]
[EventDate "2016.12.??"]
[EventType "swiss"]
[EventRounds "9"]
[EventCountry "USA"]
[Source "MonRoi"]
[WhiteClock "0:19:48"]
[BlackClock "0:32:00"]

1. d4 d5 2. c4 c6 3. Nf3 Nf6 4. Nc3 dxc4 5. a4 e6 6. e3 c5 7. Bxc4 Nc6 8. O-O
cxd4 9. exd4 Be7 10. Qe2 O-O 11. Rd1 Nb4 12. Bg5 h6 13. Bxf6 Bxf6 14. Ne4 b6
15. Ne5 Bb7 16. Nxf6+ Qxf6 17. Nd7 Qg6 18. d5 Rfe8 19. Ne5 Qg5 20. Nf3 Qg6 21.
dxe6 fxe6 22. Rd6 Kh8 23. Re1 Rac8 24. Rxe6 Rxe6 25. Qxe6 Qxe6 26. Bxe6 Re8 27.
Bc4 Rxe1+ 28. Nxe1 g5 29. f3 Kg7 30. Kf2 Kf6 31. Ke3 Ke5 32. g3 Nd5+ 33. Bxd5
Bxd5 34. f4+ gxf4+ 35. gxf4+ Kf5 36. Nf3 Kg4 37. Ne5+ Kf5 38. Nf3 Kg4 39. Nd4
a5 40. f5 h5 41. h4 Ba8 42. f6 Bd5 43. Nc6 Kxh4 44. Kf4 Kh3 45. Ne5 h4 46. Nf3
Bb3 47. Kg5 Kg3 48. Nxh4 Kf2 49. Kf4 Ke2 50. Ke5 Kd3 51. Kd6 Bg8 52. Nf5 Kc2
53. Nh6 Bc4 54. f7 Bxf7 55. Nxf7 Kb3 56. Kd5 Kxa4 57. Kc4 b5+ 58. Kc3 b4+ 59.
Kc4 1-0

[Event "26th North American Open"]
[Site "Las Vegas"]
[Date "2016.12.29"]
[Round "7"]
[White "Tang, Andrew"]
[Black "Sheng, Joshua"]
[Result "1/2-1/2"]
[WhiteElo "2466"]
[BlackElo "2394"]
[PlyCount "138"]
[EventDate "2016.12.??"]
[EventType "swiss"]
[EventRounds "9"]
[EventCountry "USA"]
[Source "MonRoi"]

1. d4 d5 2. Bf4 Nf6 3. e3 c5 4. Nf3 Nc6 5. Nbd2 Bf5 6. dxc5 Nd7 7. Nd4 Bg6 8.
Nxc6 bxc6 9. b4 e5 10. Bg3 Rb8 11. a3 a5 12. c3 Be7 13. Be2 O-O 14. Nb3 axb4
15. axb4 f5 16. Qd2 Bg5 17. f4 Bh4 18. Ra6 Bxg3+ 19. hxg3 Nf6 20. Bf3 Qc8 21.
Ra7 Re8 22. fxe5 Rxe5 23. Nd4 Be8 24. O-O Bd7 25. c4 Qe8 26. Qb2 Rxe3 27. cxd5
cxd5 28. c6 Bxc6 29. Nxf5 Qe5 30. Qxe5 Rxe5 31. Ne7+ Rxe7 32. Rxe7 Rxb4 33. Rc1
Kf8 34. Rc7 Be8 35. Rf1 d4 36. Rc8 Rb6 37. Rd8 d3 38. Rxd3 Kf7 39. Rc3 Kg6 40.
Re1 Bd7 41. Rc7 Rd6 42. Re7 h5 43. Ra7 Kh6 44. Kf2 g6 45. Be2 Bf5 46. Ra6 Ng4+
47. Ke1 Rd4 48. Rf7 Kg5 49. Ra5 Nf6 50. Rb7 Ne4 51. Rb3 Rd6 52. Re3 Nf6 53. Bd3
Ng4 54. Rf3 Nh2 55. Rfxf5+ gxf5 56. Bxf5 Ng4 57. Be4+ Kh6 58. Bf3 Re6+ 59. Kd2
Re5 60. Ra8 Nf6 61. Kd3 Re7 62. Kd4 Kg6 63. Ra6 Kf5 64. Ra5+ Kg6 65. Re5 Rxe5
66. Kxe5 Kg5 67. Be2 Ng4+ 68. Kd4 Nh6 69. Ke5 Ng4+ 1/2-1/2

[Event "26th North American Open"]
[Site "Las Vegas"]
[Date "2016.12.29"]
[Round "7"]
[White "Gelashvili, Tamaz"]
[Black "Aldama, Dionisio"]
[Result "1-0"]
[WhiteElo "2568"]
[BlackElo "2375"]
[PlyCount "93"]
[EventDate "2016.12.??"]
[EventType "swiss"]
[EventRounds "9"]
[EventCountry "USA"]
[Source "MonRoi"]

1. Nf3 Nf6 2. d4 g6 3. g3 Bg7 4. Bg2 O-O 5. c4 d6 6. O-O Nbd7 7. Nc3 e5 8. e3
h6 9. a4 a5 10. b3 exd4 11. exd4 Nb8 12. Ba3 Nc6 13. Qd2 Bf5 14. Nh4 Bd7 15.
Rfe1 g5 16. Nf3 Bf5 17. h4 Nh7 18. Nd5 Bg4 19. hxg5 hxg5 20. Bb2 Bd7 21. Re2 f5
22. Rae1 Rf7 23. Nh2 f4 24. Be4 Nf8 25. g4 Qc8 26. f3 Qd8 27. Kg2 Ra6 28. Kh1
Na7 29. Bf5 Nc8 30. Bc2 c6 31. Nc3 Ra8 32. Ne4 b6 33. Bb1 Nh7 34. d5 c5 35. Nf1
Qf8 36. Rh2 Bxb2 37. Qxb2 Qg7 38. Qxg7+ Rxg7 39. Rh6 Re7 40. Re2 Ra7 41. Reh2
Be8 42. Rxh7 Rxh7 43. Nf6+ Kg7 44. Nxe8+ Kf8 45. Rxh7 Rxh7+ 46. Bxh7 Kxe8 47.
Nd2 1-0

[Event "26th North American Open"]
[Site "Las Vegas"]
[Date "2016.12.29"]
[Round "7"]
[White "Matikozyan, Andranik"]
[Black "Kaidanov, Gregory"]
[Result "1/2-1/2"]
[WhiteElo "2404"]
[BlackElo "2572"]
[PlyCount "62"]
[EventDate "2016.12.??"]
[EventType "swiss"]
[EventRounds "9"]
[EventCountry "USA"]
[Source "MonRoi"]

1. e4 e5 2. Nf3 Nc6 3. Bb5 a6 4. Ba4 Nf6 5. Qe2 b5 6. Bb3 Be7 7. O-O O-O 8. c3
d5 9. d3 Bb7 10. Re1 Re8 11. Nbd2 Bf8 12. a3 h6 13. Ba2 Qd7 14. b4 Rad8 15. Bb2
dxe4 16. dxe4 Nh5 17. g3 Qh3 18. c4 Rd6 19. Qf1 Qg4 20. cxb5 axb5 21. Qxb5 Bc8
22. Bxe5 Nxe5 23. Qxe8 Nxf3+ 24. Nxf3 Qxf3 25. Qxc8 Nf4 26. Bxf7+ Kxf7 27.
Qxc7+ Kg6 28. gxf4 Qg4+ 29. Kh1 Qf3+ 30. Kg1 Qg4+ 31. Kh1 Qf3+ 1/2-1/2

[Event "26th North American Open"]
[Site "Las Vegas"]
[Date "2016.12.29"]
[Round "7"]
[White "Chandra, Akshat"]
[Black "Panchanatham, Vignesh"]
[Result "1-0"]
[WhiteElo "2514"]
[BlackElo "2381"]
[PlyCount "69"]
[EventDate "2016.12.??"]
[EventType "swiss"]
[EventRounds "9"]
[EventCountry "USA"]
[Source "MonRoi"]

1. e4 e6 2. d4 d5 3. Nd2 Be7 4. Ngf3 Nf6 5. e5 Nfd7 6. Bd3 c5 7. c3 Nc6 8. O-O
g5 9. dxc5 g4 10. Nd4 Ndxe5 11. Bb5 Bd7 12. Bxc6 bxc6 13. f4 Nd3 14. b4 a5 15.
N2b3 Nxc1 16. Rxc1 axb4 17. cxb4 Rxa2 18. Na5 Bf6 19. Naxc6 Bxc6 20. Nxc6 Qa8
21. Ne5 Qa3 22. Ra1 Rxa1 23. Qxa1 Qxb4 24. Qa8+ Bd8 25. Qxd8+ Kxd8 26. Nc6+ Kc7
27. Nxb4 Ra8 28. f5 Ra4 29. fxe6 fxe6 30. Rf7+ Kc8 31. Nd3 Rc4 32. Rxh7 Rc3 33.
Nf4 g3 34. hxg3 Rxc5 35. Nxe6 1-0

[Event "26th North American Open"]
[Site "Las Vegas"]
[Date "2016.12.29"]
[Round "7"]
[White "Taghizadeh, Rayan"]
[Black "Hilby, Craig"]
[Result "1/2-1/2"]
[WhiteElo "2310"]
[BlackElo "2347"]
[PlyCount "63"]
[EventDate "2016.12.??"]
[EventType "swiss"]
[EventRounds "9"]
[EventCountry "USA"]
[Source "MonRoi"]

1. e4 e5 2. Bc4 Nc6 3. Nf3 Bc5 4. O-O Nf6 5. Re1 d6 6. c3 O-O 7. d3 a6 8. Bb3
Ba7 9. h3 h6 10. Nbd2 Be6 11. Nf1 Re8 12. N3h2 d5 13. Qf3 d4 14. Ng3 Bc5 15.
Nf5 Bf8 16. h4 Bxb3 17. axb3 Re6 18. g4 Nd7 19. b4 b5 20. g5 g6 21. Ng3 h5 22.
Ne2 Nb6 23. Qh3 Rd6 24. Rd1 Qd7 25. Qxd7 Rxd7 26. Nf3 Na4 27. Rb1 Rad8 28. Ne1
a5 29. bxa5 Nxa5 30. cxd4 exd4 31. b4 Nc6 32. Bd2 1/2-1/2

[Event "26th North American Open"]
[Site "Las Vegas"]
[Date "2016.12.29"]
[Round "7"]
[White "Chen, Peng"]
[Black "Martinez-Martin, David"]
[Result "1-0"]
[WhiteElo "2297"]
[BlackElo "2411"]
[PlyCount "87"]
[EventDate "2016.12.??"]
[EventType "swiss"]
[EventRounds "9"]
[EventCountry "USA"]
[Source "MonRoi"]

1. e4 c5 2. Nf3 d6 3. d4 Nf6 4. Nc3 cxd4 5. Nxd4 g6 6. Be3 Bg7 7. f3 O-O 8. Qd2
Nc6 9. g4 Bxg4 10. fxg4 Nxg4 11. Bg1 e6 12. h4 h5 13. Be2 Bh6 14. Qd3 Nce5 15.
Qg3 Rc8 16. Nf3 Qf6 17. Nxe5 Bf4 18. Qf3 Qxe5 19. Rd1 f5 20. Bd4 Bg3+ 21. Kf1
fxe4 22. Bxe5 Ne3+ 23. Kg1 exf3 24. Bxg3 fxe2 25. Re1 Rf3 26. Bf2 Rc4 27. Bxe3
Rg4+ 28. Kh2 Rxe3 29. Rxe2 Rxh4+ 30. Kg2 Rxe2+ 31. Nxe2 Rxh1 32. Kxh1 d5 33.
Nd4 Kf7 34. Nb5 Kf6 35. Nxa7 Kf5 36. Nb5 e5 37. Nd6+ Kf4 38. Nxb7 Kf3 39. Kg1
h4 40. a4 e4 41. a5 d4 42. Nc5 d3 43. Nxd3 exd3 44. cxd3 1-0

[Event "26th North American Open"]
[Site "Las Vegas"]
[Date "2016.12.29"]
[Round "7"]
[White "Ludwig, John"]
[Black "Li, Ben"]
[Result "1-0"]
[WhiteElo "2377"]
[BlackElo "2237"]
[PlyCount "63"]
[EventDate "2016.12.??"]
[EventType "swiss"]
[EventRounds "9"]
[EventCountry "USA"]
[Source "MonRoi"]

1. e4 e5 2. Nf3 Nc6 3. Bb5 a6 4. Ba4 d6 5. Bxc6+ bxc6 6. d4 f6 7. Be3 Ne7 8.
Nc3 Ng6 9. Qe2 Be7 10. O-O-O Be6 11. h4 h5 12. dxe5 fxe5 13. Ng5 Qc8 14. g3 Bf6
15. Qd3 Bg4 16. f3 Bd7 17. f4 Rb8 18. f5 Ne7 19. b3 a5 20. Rhg1 Rb4 21. a3 Rb8
22. Qc4 Rf8 23. Nh7 Rh8 24. Nxf6+ gxf6 25. g4 a4 26. g5 d5 27. Qc5 Ng8 28. gxf6
Qd8 29. Bg5 Kf7 30. exd5 Bxf5 31. dxc6 Qe8 32. Nxa4 1-0

[Event "26th North American Open"]
[Site "Las Vegas"]
[Date "2016.12.29"]
[Round "7"]
[White "Kavutskiy, Konstantin"]
[Black "Findlay, Ian"]
[Result "1-0"]
[WhiteElo "2377"]
[BlackElo "2248"]
[PlyCount "71"]
[EventDate "2016.12.??"]
[EventType "swiss"]
[EventRounds "9"]
[EventCountry "USA"]
[Source "MonRoi"]

1. d4 Nf6 2. c4 c5 3. d5 e6 4. Nc3 exd5 5. cxd5 d6 6. e4 g6 7. Nge2 Bg7 8. Ng3
h5 9. Be2 h4 10. Nf1 h3 11. g3 a6 12. a4 Qe7 13. Bg5 Bh6 14. Bxh6 Rxh6 15. Qc2
Nbd7 16. f4 Kf8 17. Ne3 b6 18. Bf3 Rb8 19. b3 Kg7 20. O-O Rh8 21. Rae1 b5 22.
a5 Qd8 23. Qa2 Re8 24. Qa1 Kg8 25. Nc2 Bb7 26. Nd1 Ba8 27. Nf2 Qc7 28. Ne3 Rbc8
29. Qc3 Qd8 30. Kh1 Bb7 31. g4 b4 32. Qa1 c4 33. bxc4 Rc5 34. g5 Nh5 35. Bxh5
gxh5 36. Nf5 1-0

[Event "26th North American Open"]
[Site "Las Vegas"]
[Date "2016.12.29"]
[Round "7"]
[White "Zhu, Jack"]
[Black "Feng, Roland"]
[Result "1-0"]
[WhiteElo "2288"]
[BlackElo "2340"]
[PlyCount "73"]
[EventDate "2016.12.??"]
[EventType "swiss"]
[EventRounds "9"]
[EventCountry "USA"]
[Source "MonRoi"]

1. d4 Nf6 2. c4 e6 3. e3 Bb4+ 4. Nc3 O-O 5. Bd3 b6 6. Nge2 Bb7 7. O-O d5 8. Qc2
Nbd7 9. Rd1 Re8 10. Ng3 c5 11. a3 Bxc3 12. bxc3 Qc7 13. cxd5 exd5 14. Bb2 c4
15. Be2 g6 16. Rf1 Nf8 17. Rae1 Ne6 18. Bc1 Ng7 19. Bd1 h5 20. f3 Re6 21. Qb1
Rae8 22. Bc2 h4 23. Nh1 Nfh5 24. Nf2 f5 25. Bd2 Nf6 26. Nh3 Ngh5 27. Re2 Kg7
28. Qe1 f4 29. Ng5 R6e7 30. e4 dxe4 31. fxe4 h3 32. gxh3 Nxe4 33. Nxe4 Rxe4 34.
Bxe4 Rxe4 35. Rxe4 Qc6 36. Re7+ Kh6 37. Rxb7 1-0

[Event "26th North American Open"]
[Site "Las Vegas"]
[Date "2016.12.29"]
[Round "7"]
[White "Aoshima, Mirai"]
[Black "Tiglon, Bryce"]
[Result "0-1"]
[WhiteElo "2281"]
[BlackElo "2313"]
[PlyCount "162"]
[EventDate "2016.12.??"]
[EventType "swiss"]
[EventRounds "9"]
[EventCountry "USA"]
[Source "MonRoi"]

1. d4 Nf6 2. c4 g6 3. Nc3 d5 4. Bg5 Ne4 5. Bh4 c5 6. e3 Nc6 7. cxd5 Nxc3 8.
bxc3 Qxd5 9. Nf3 cxd4 10. exd4 Bg7 11. Be2 O-O 12. O-O Bf5 13. Qb3 Be4 14. Rfe1
Rac8 15. Rad1 Qxb3 16. axb3 Bc2 17. d5 Bxd1 18. Rxd1 Nb8 19. Bxe7 Rfe8 20. d6
Bf8 21. Bb5 Rxe7 22. dxe7 Bxe7 23. Bc4 Bf6 24. h4 Kg7 25. Ng5 Rc7 26. g3 Bxc3
27. Rd3 Bf6 28. Ne4 Be7 29. Rf3 f5 30. Ng5 Bxg5 31. hxg5 h6 32. gxh6+ Kxh6 33.
Re3 Nc6 34. Re8 Rd7 35. Kg2 Nd4 36. Rh8+ Kg7 37. Rg8+ Kh7 38. Rb8 a6 39. Ra8
Kg7 40. Ra7 Nc6 41. Ra8 Kf6 42. Rf8+ Kg7 43. Rg8+ Kh7 44. Ra8 Na5 45. Rc8 Kg7
46. Rg8+ Kf6 47. Rf8+ Kg7 48. Rg8+ Kh7 49. Rc8 Nxc4 50. bxc4 Kh6 51. c5 Kg5 52.
c6 bxc6 53. Rxc6 Ra7 54. f4+ Kh6 55. Kf3 Kg7 56. Ke3 a5 57. Rc3 a4 58. Ra3 Kf6
59. Kd4 Ra5 60. Kc4 g5 61. Kb4 Ra8 62. Kc5 Kg6 63. Kd4 gxf4 64. gxf4 Kh5 65.
Ke3 Kg4 66. Ra1 Re8+ 67. Kf2 Re4 68. Ra3 Kxf4 69. Kg2 Ke5 70. Rd3 Rd4 71. Rc3
Rb4 72. Ra3 f4 73. Kf2 Ke4 74. Ke2 Kd4 75. Kd2 Rc4 76. Ke2 Kc5 77. Ra1 Rd4 78.
Rb1 a3 79. Rb3 Ra4 80. Rb1 a2 81. Ra1 Kb4 0-1

[Event "26th North American Open"]
[Site "Las Vegas"]
[Date "2016.12.29"]
[Round "7"]
[White "Kung, Thomas"]
[Black "Panchanathan, Magesh"]
[Result "0-1"]
[WhiteElo "1892"]
[BlackElo "2513"]
[PlyCount "122"]
[EventDate "2016.12.??"]
[EventType "swiss"]
[EventRounds "9"]
[EventCountry "USA"]
[Source "MonRoi"]

1. e4 e5 2. Nf3 Nc6 3. Nc3 Nf6 4. Bb5 Bb4 5. O-O O-O 6. d3 d6 7. Ne2 h6 8. c3
Bc5 9. a4 a5 10. Ng3 Ba7 11. Bc4 Ne7 12. h3 Ng6 13. Re1 c6 14. Ba2 d5 15. d4
exd4 16. e5 Ne4 17. cxd4 Nxg3 18. fxg3 Bf5 19. Be3 Ne7 20. Nh4 Be4 21. Rf1 Qd7
22. Qh5 Qe6 23. g4 f5 24. gxf5 Nxf5 25. Nxf5 Bxf5 26. Bb1 Bxb1 27. Raxb1 Rf7
28. Qxf7+ Qxf7 29. Rxf7 Kxf7 30. b4 axb4 31. Rxb4 b6 32. Kf2 Ke6 33. Ke2 Kd7
34. Rb1 c5 35. a5 bxa5 36. dxc5 a4 37. Ra1 Bb8 38. Bd4 a3 39. Kd3 Ke6 40. Ra2
Ra4 41. c6 Bxe5 42. Bxe5 Kxe5 43. c7 Rc4 44. Rxa3 Rxc7 45. Ra6 h5 46. Rg6 Kf5
47. Rd6 Rc5 48. g4+ hxg4 49. hxg4+ Kf4 50. Kd4 Rc7 51. Rxd5 g5 52. Kd3 Kxg4 53.
Ke3 Rf7 54. Rd1 Kh3 55. Rd8 g4 56. Rh8+ Kg2 57. Rh6 g3 58. Rh8 Re7+ 59. Kd2 Kg1
60. Rh6 g2 61. Rf6 Rh7 0-1

[Event "26th North American Open"]
[Site "Las Vegas"]
[Date "2016.12.29"]
[Round "7"]
[White "Krishnamoorthy, Vijay"]
[Black "Shmelov, Denys"]
[Result "0-1"]
[WhiteElo "2216"]
[BlackElo "2416"]
[PlyCount "128"]
[EventDate "2016.12.??"]
[EventType "swiss"]
[EventRounds "9"]
[EventCountry "USA"]
[Source "MonRoi"]

1. Nc3 d5 2. e4 c6 3. f4 dxe4 4. Nxe4 Nd7 5. Nf3 Ngf6 6. Nf2 e6 7. g3 Bd6 8.
Qe2 Qc7 9. Bg2 O-O 10. d4 c5 11. c3 b6 12. O-O Bb7 13. Rd1 Rfe8 14. Be3 Rad8
15. Rac1 Nf8 16. Ne5 Bxg2 17. Kxg2 Ng6 18. Nxg6 hxg6 19. Nd3 Nd5 20. Bf2 Qc6
21. Qf3 c4 22. Ne5 Bxe5 23. fxe5 Ne7 24. Re1 Qxf3+ 25. Kxf3 Nd5 26. g4 Rb8 27.
h4 b5 28. Re2 Rec8 29. Be1 a5 30. h5 Kh7 31. Rh2 gxh5 32. gxh5 b4 33. Rg2 Rb5
34. Bd2 Ne7 35. Ke4 Nf5 36. Be1 Rd8 37. Rd1 Rbd5 38. Rb1 Rb5 39. Rd1 Kg8 40.
Bd2 Kh7 41. Be1 bxc3 42. Bxc3 a4 43. a3 Rbd5 44. Rdd2 R8d7 45. Rg1 Kh6 46. Rgd1
Ng3+ 47. Kf3 Nxh5 48. Rg2 g6 49. Rh1 f6 50. exf6 Rf5+ 51. Ke4 Rxf6 52. Bd2+ Kh7
53. Rc1 Rc7 54. Rg5 Rf2 55. Be3 Rxb2 56. Rc5 Rf7 57. R5xc4 Ng3+ 58. Kd3 Rb3+
59. R1c3 Rf3 60. Rc7+ Kg8 61. Rc8+ Kf7 62. Rxb3 axb3 63. a4 Nf5 64. a5 Rxe3+
0-1